| 000 | 00519nam a22001697a 4500 | ||
|---|---|---|---|
| 999 |
_c11366 _d11366 |
||
| 003 | AR-CdUCM | ||
| 008 | 190403b ||||| |||| 00| 0 spa d | ||
| 040 |
_aMUNICIPALIDAD PROVINCIAL DEL CUSCO _cBIBLIOTECA MUNICIPAL DEL CUSCO |
||
| 082 |
_a869.33 / _bG91 / 1959 |
||
| 100 |
_aGuillen, Nicolas _98092 |
||
| 245 |
_aLa paloma de vuelo popular : _belegias / |
||
| 260 |
_aBuenos Aires : _bLosada, _c1959. |
||
| 300 |
_a157 páginas ; _c21 cm. |
||
| 650 |
_aPoesía Argentina. _91657 |
||
| 942 |
_2ddc _cLIBROS |
||
| 945 | _awfj | ||